00347nam a2200133Ia 4500008004100000020001500041041001200056082001600068100001700084245006300101260002500164300000800189650001600197221030s9999 xx 000 0 und d a0070473714 aEnglish a105.23bRog aD. F. Rogers 0aProcedural Elements For Computer Graphicscby D. F. Rogers bTMHaNew Delhic2001 a711 aBE Computer